| 000 | 01086nam a22003377a 4500 | ||
|---|---|---|---|
| 003 | CHAP | ||
| 005 | 20220329143451.0 | ||
| 008 | 091116s2008 fr r 00010 eng d | ||
| 010 | _a97074 | ||
| 011 | _a98046 | ||
| 020 | _a9789264046320 | ||
| 035 | _a108722 | ||
| 040 | _cCHAP | ||
| 082 | 0 | 0 |
_a331.12 _aOe2 |
| 245 | 0 | 0 |
_aOECD employment outlook _c/by Organisation for Economic Co-operation and Development |
| 260 |
_aParis : _bOECD, _c2008 |
||
| 300 |
_a367 p. : _bcuadros, gráfs. |
||
| 590 |
_aBATCH-UPD _b10 _c20130110 _lUCH01 _h1103 |
||
| 590 |
_aBATCH-UPD _b10 _c20130410 _lUCH01 _h0656 |
||
| 590 |
_aBATCH-UPD _b10 _c20130914 _lUCH01 _h1259 |
||
| 590 |
_aCONVERSION _b10 _c20130109 _lUCH01 _h1354 |
||
| 650 | 1 | 4 |
_aEmpleo. _936545 |
| 650 | 1 | 4 |
_aJuventud. _962551 |
| 650 | 1 | 4 |
_aOferta y demanda. _982790 |
| 650 | 1 | 4 |
_aTrabajo _xOfertas de. _9114483 |
| 710 | 0 |
_aOrganización para la Cooperación y el Desarrollo Económicos. París. _983559 |
|
| 901 | _aBK | ||
| 911 | _aen proceso | ||
| 942 | _cLIBRO | ||
| 949 |
_a331.12 Oe2 _bBC _cLIBRO _d33724002124991 _eLIBRO _h111311 _i108722 _sb |
||
| 999 |
_c97074 _d97074 |
||